Benfica All January Signings 24/25 - Statistics

General Stats
  • This quiz has been taken 35 times
  • The average score is 3 of 6
Answer Stats
Age Answer % Correct
30 Bruma
94%
23 Manu Silva
76%
21 Samuel Dahl
67%
31 Andrea Belotti
61%
19 Leandro Santos
24%
19 João Rego
18%
No matching quizzes found
Score Distribution
Percent of People with Each Score
Percentile by Number Answered
Your Score History
You have not taken this quiz